000
002500000a22000970004500
100
1
_a
Milován, Guillermo
245
1
0
_a
La prioridad de Jesús
300
_a
Vol. 54, Núm 240 (1999), Páginas 13-15
773
0
_t
La Biblia de las Américas
942
_c
ANA
999
_c
51522
_d
51522